[Event "Tarbes Open 2003"]
[Site "?"]
[Date "2003.04.??"]
[Round "4"]
[White "Hostekind, Laurent"]
[Black "Tanguy, Fabien"]
[Result "1/2-1/2"]
[WhiteElo "1990"]
[BlackElo "2083"]
[EventDate "2003.05.01"]
[PlyCount "47"]
[SourceDate "2003.05.01"]

1.Nf3 b6 2.g3 Bb7 3.Bg2 e6 4.c4 c5 5.O-O Nf6 6.b3 Be7 7.Bb2 O-O 8.d4 d5 9.
cxd5 exd5 10.Nbd2 Re8 11.Qc2 Nc6 12.a3 Rc8 13.Qd3 Ne4 14.Rfc1 Na5 15.e3 
Nxd2 16.Nxd2 c4 17.bxc4 dxc4 18.Qc3 Bxg2 19.Kxg2 Bf6 20.Qb4 Qd7 21.a4 Re6 
22.Qb5 Qb7+ 23.Kg1 a6 24.Qb4 1/2-1/2

[Event "Tarbes Open 2003"]
[Site "?"]
[Date "2003.04.??"]
[Round "4"]
[White "Cabana, Daniel"]
[Black "Boldet, Frederic"]
[Result "1/2-1/2"]
[WhiteElo "2152"]
[BlackElo "1950"]
[EventDate "2003.05.01"]
[PlyCount "68"]
[SourceDate "2003.05.01"]

1.e4 c6 2.d4 d5 3.exd5 cxd5 4.c4 Nf6 5.Nc3 e6 6.Nf3 Nc6 7.Bg5 Be7 8.Bd3 
O-O 9.O-O dxc4 10.Bxc4 a6 11.a3 b5 12.Bd3 Bb7 13.Rc1 b4 14.axb4 Nxb4 15.
Bb1 Bxf3 16.Qxf3 Nbd5 17.Qh3 g6 18.Rfd1 Rb8 19.Bd3 Rxb2 20.Bxa6 Qd6 21.Bc4
Nxc3 22.Rxc3 Ne4 23.Bxe7 Qxe7 24.Rf1 Nxc3 25.Qxc3 Rfb8 26.d5 exd5 27.Bxd5 
Rb1 28.g3 Qe2 29.Rxb1 Rxb1+ 30.Kg2 Qf1+ 31.Kf3 Qd1+ 32.Ke4 Qh1+ 33.Ke5 
Qe1+ 34.Qxe1 Rxe1+ 1/2-1/2

[Event "Tarbes Open 2003"]
[Site "?"]
[Date "2003.04.??"]
[Round "4"]
[White "Jossien, Arnaud"]
[Black "Smyrek, Ingo"]
[Result "1-0"]
[WhiteElo "2340"]
[BlackElo "2020"]
[EventDate "2003.05.01"]
[PlyCount "37"]
[SourceDate "2003.05.01"]

1.Nf3 f5 2.c4 Nf6 3.Nc3 d6 4.g3 g6 5.Bg2 Bg7 6.Rb1 c5 7.d4 O-O 8.O-O Na6 
9.d5 Bd7 10.a3 Qe8 11.Qd3 Rb8 12.Ng5 h6 13.Nh3 Qf7 14.Bd2 Nc7 15.a4 b6 16.
Nb5 Nxb5 17.axb5 Rb7 18.Bc3 e5 19.dxe6 1-0

[Event "Tarbes Open 2003"]
[Site "?"]
[Date "2003.04.??"]
[Round "4"]
[White "De Laubadere, Philippe"]
[Black "Rundstrom, Douglas"]
[Result "0-1"]
[WhiteElo "1970"]
[BlackElo "2030"]
[EventDate "2003.05.01"]
[PlyCount "88"]
[SourceDate "2003.05.01"]

1.d4 Nf6 2.c4 e6 3.g3 d5 4.Bg2 Be7 5.Nf3 Nbd7 6.Nbd2 c6 7.O-O O-O 8.b3 b6 
9.Bb2 Bb7 10.Rc1 Rc8 11.e3 Qc7 12.Re1 Qb8 13.Qc2 c5 14.Qb1 Qa8 15.Red1 
dxc4 16.bxc4 Ne4 17.Ne1 Ndf6 18.Ba3 Nxd2 19.Rxd2 Rfd8 20.Bxb7 Qxb7 21.f3 
Rd7 22.Kf2 cxd4 23.Bxe7 dxe3+ 24.Kxe3 Rxe7 25.Kf2 Qc6 26.Nd3 Rd7 27.Qb2 
Rcd8 28.Qc3 Rd4 29.Rcc2 Qc7 30.Nf4 e5 31.Ne2 Rxd2 32.Rxd2 Rxd2 33.Qxd2 e4 
34.f4 Kf8 35.Qd4 Qe7 36.h3 Qa3 37.Nc3 Qb2+ 38.Ke3 Qc1+ 39.Qd2 Qg1+ 40.Qf2 
Qh1 41.Nd5 Nxd5+ 42.cxd5 Qxh3 43.Kxe4 Qh1+ 44.Ke5 Qa1+ 0-1

[Event "Tarbes Open 2003"]
[Site "?"]
[Date "2003.04.??"]
[Round "4"]
[White "Aout, Sebastien"]
[Black "Safranska, Anda"]
[Result "1-0"]
[WhiteElo "2096"]
[BlackElo "2337"]
[EventDate "2003.05.01"]
[PlyCount "77"]
[SourceDate "2003.05.01"]

1.e4 g6 2.d4 Bg7 3.Be3 d6 4.Qd2 c6 5.Nc3 b5 6.O-O-O a6 7.f3 Nd7 8.h4 h5 9.
Nh3 Nb6 10.Ng5 Rb8 11.Bd3 Qc7 12.Ne2 e5 13.dxe5 dxe5 14.f4 Nd7 15.f5 Qd6 
16.Kb1 Qe7 17.Ng3 Ngf6 18.Rhf1 O-O 19.Be2 Rd8 20.Qd6 Qxd6 21.Rxd6 c5 22.
fxg6 fxg6 23.Ne6 Bf8 24.Nxf8 Rxf8 25.Bg5 Kg7 26.b3 Bb7 27.Rfd1 Rf7 28.Kb2 
Rc8 29.a4 Rc7 30.Bf3 Rf8 31.Re6 Rf7 32.Rdd6 bxa4 33.Ne2 a3+ 34.Kxa3 Bxe4 
35.Bxe4 Nxe4 36.Rxg6+ Kf8 37.Bh6+ Ke7 38.Rde6+ Kd8 39.Rg8+ 1-0

[Event "Tarbes Open 2003"]
[Site "?"]
[Date "2003.04.??"]
[Round "4"]
[White "Juglard, Eric"]
[Black "Barsov, Alexei"]
[Result "0-1"]
[WhiteElo "2186"]
[BlackElo "2531"]
[EventDate "2003.05.01"]
[PlyCount "46"]
[SourceDate "2003.05.01"]

1.d4 e6 2.e4 d5 3.e5 c5 4.c3 Nc6 5.a3 f6 6.exf6 Nxf6 7.Nf3 Bd6 8.Bd3 O-O 
9.Bg5 Qb6 10.b4 cxd4 11.cxd4 Kh8 12.Bc2 e5 13.dxe5 Nxe5 14.Be3 Nxf3+ 15.
gxf3 Qc7 16.Nd2 a5 17.b5 Bh3 18.Nb3 Bg2 19.Rg1 Bxf3 20.Qxf3 Qxc2 21.Bd4 
Rae8+ 22.Kf1 Qc4+ 23.Kg2 a4 0-1

[Event "Tarbes Open 2003"]
[Site "?"]
[Date "2003.04.??"]
[Round "6"]
[White "Pastorelli, Loic"]
[Black "Chassy, Philippe"]
[Result "1-0"]
[WhiteElo "1780"]
[BlackElo "2121"]
[EventDate "2003.05.01"]
[PlyCount "118"]
[SourceDate "2003.05.01"]

1.Nf3 d5 2.c4 e6 3.cxd5 exd5 4.b3 Nf6 5.Bb2 Bd6 6.e3 O-O 7.Be2 Bg4 8.O-O 
Nc6 9.d3 Re8 10.h3 Bd7 11.Nbd2 Qe7 12.Re1 Rad8 13.Bf1 Ba3 14.Bc3 Bb4 15.
Bb2 Ba3 16.Bc3 Qd6 17.Nb1 Bb4 18.Qd2 a6 19.a3 Bxc3 20.Nxc3 d4 21.Nxd4 Nxd4
22.exd4 Qxd4 23.Ne2 Qb6 24.Qc2 c5 25.Ng3 Qa5 26.Ne4 Nxe4 27.dxe4 Rc8 28.e5
b5 29.Qd3 Be6 30.b4 cxb4 31.axb4 Qxb4 32.Reb1 Qf4 33.Qd6 Bc4 34.Bxc4 bxc4 
35.Rxa6 c3 36.e6 c2 37.exf7+ Qxf7 38.Rc1 Red8 39.Rxc2 Qb7 40.Qe6+ Kh8 41.
Rxc8 Rxc8 42.Rb6 Qc7 43.Qe3 Ra8 44.Rb1 Qc2 45.Re1 h6 46.Qe4 Qc8 47.g3 Qa6 
48.Qe6 Qa4 49.Qe5 Qb4 50.Qe4 Qf8 51.Re3 Qb8 52.Kg2 Qa7 53.Rf3 Rd8 54.Qg6 
Qb7 55.Qf7 Qc6 56.h4 Rd7 57.Qf8+ Kh7 58.Qf5+ g6 59.Qf6 Qxf6 1-0

[Event "R5-A-CEIT/Castel-Moissac"]
[Site "?"]
[Date "2003.04.06"]
[Round "7.4"]
[White "Carteron, Olivier"]
[Black "Lenoir, Patrice"]
[Result "1-0"]
[WhiteElo "1260"]
[BlackElo "1450"]
[EventDate "2003.05.25"]
[PlyCount "65"]
[SourceDate "2003.05.25"]

1.e4 e5 2.Nf3 Nf6 3.Nc3 Nc6 4.Bb5 Bb4 5.Bxc6 dxc6 6.d3 Bg4 7.Bd2 b6 8.Qe2 
O-O 9.Qe3 Bc5 10.Qe2 b5 11.a3 a5 12.O-O Qe7 13.Na2 Rfd8 14.Qe1 Bxf3 15.
gxf3 Nh5 16.Kh1 Nf4 17.Bxf4 exf4 18.Rg1 h6 19.Rg2 g5 20.Qg1 f6 21.Nc3 Kg7 
22.Ne2 Bb6 23.Nxf4 Kh7 24.Ne2 Rg8 25.Ng3 Qe6 26.Nf5 c5 27.h4 Qe5 28.c3 c6 
29.f4 Qxf4 30.Rg4 Qe5 31.f4 gxf4 32.Rg7+ Kh8 33.Qg6 1-0

[Event "R5-A-CEIT/Castel-Moissac"]
[Site "?"]
[Date "2003.04.06"]
[Round "7.2"]
[White "Brotons, Andre"]
[Black "Favarel, Alexis"]
[Result "0-1"]
[WhiteElo "1300"]
[BlackElo "1500"]
[EventDate "2003.05.25"]
[PlyCount "106"]
[SourceDate "2003.05.25"]

1.e4 e5 2.Nf3 Nc6 3.Bb5 d6 4.Bxc6+ bxc6 5.h3 Nf6 6.d3 Be7 7.Be3 O-O 8.Nbd2
Be6 9.Qe2 Re8 10.Bg5 Rb8 11.b3 h6 12.Bxf6 Bxf6 13.O-O d5 14.Rad1 Qd7 15.
Kh2 a5 16.Rg1 a4 17.g4 axb3 18.axb3 Bg5 19.Rg2 Rbd8 20.Rdg1 Qe7 21.Nxg5 
Qxg5 22.Nf3 Qf4+ 23.Kh1 dxe4 24.dxe4 Rb8 25.Rg3 Rb4 26.Nd2 Rd8 27.Nc4 Rd4 
28.f3 Bxc4 29.bxc4 Rbxc4 30.R3g2 Rc3 31.Rf1 Qe3 32.Qa6 Qf4 33.Rgf2 Rdc4 
34.Qc8+ Kh7 35.Qxc7 Rxc2 36.Qb6 c5 37.Kg2 R4c3 38.Rxc2 Rxc2+ 39.Rf2 Rxf2+ 
40.Kxf2 Qd2+ 41.Kf1 c4 42.Qc7 Qf4 43.Ke2 Qh2+ 44.Kd1 Qh1+ 45.Kc2 Qxf3 46.
Qxc4 f6 47.Qd3 Qxd3+ 48.Kxd3 Kg6 49.h4 Kf7 50.h5 g6 51.hxg6+ Kxg6 52.Ke3 
Kg5 53.Kf3 Kh4 0-1

[Event "R5-A-CEIT/Castel-Moissac"]
[Site "?"]
[Date "2003.04.06"]
[Round "7.3"]
[White "Pezou, Jean Claude"]
[Black "Duhon, Jean Noel"]
[Result "1-0"]
[WhiteElo "1590"]
[BlackElo "1300"]
[EventDate "2003.05.25"]
[PlyCount "113"]
[SourceDate "2003.05.25"]

1.d4 d5 2.c4 f5 3.Nf3 c6 4.Nbd2 e6 5.Qb3 Nf6 6.cxd5 cxd5 7.g3 Bd6 8.Bg2 
O-O 9.O-O Nbd7 10.Rd1 Re8 11.Nf1 b6 12.Bg5 Bb7 13.N3d2 Qe7 14.f3 Qf7 15.
Be3 e5 16.dxe5 Rxe5 17.f4 Ree8 18.Qd3 Ne4 19.Bd4 Bc5 20.Nf3 Bxd4+ 21.Qxd4 
Ndc5 22.Ne5 Qf6 23.Ne3 Rad8 24.Rac1 Qe6 25.Bh3 g6 26.g4 fxg4 27.N3xg4 Qd6 
28.Rf1 Rf8 29.Nh6+ Kg7 30.Neg4+ Nf6 31.Rf3 Ba6 32.Re3 Ne4 33.Rf1 Qc5 34.
Qxc5 bxc5 35.Nxf6 Nxf6 36.Ng4 Bc4 37.b3 Nxg4 38.Bxg4 Ba6 39.Kg2 Kh8 40.Kg3
c4 41.Rc1 cxb3 42.axb3 Rfe8 43.Kf2 d4 44.Rxe8+ Rxe8 45.Rc7 Re4 46.Rxa7 
Rxf4+ 47.Kg3 Rf6 48.Kh4 Rb6 49.Kg5 d3 50.exd3 Bxd3 51.Kh6 g5+ 52.Kxg5 Rxb3
53.Ra8+ Kg7 54.Ra7+ Kf8 55.Be6 Rb8 56.Kf6 Bg6 57.Rg7 1-0

[Event "R5-A-Fleurance/Vic"]
[Site "?"]
[Date "2003.04.06"]
[Round "7.3"]
[White "Schwarz, Klaus"]
[Black "Hochet, Yannick"]
[Result "1-0"]
[WhiteElo "1570"]
[BlackElo "1540"]
[EventDate "2003.05.25"]
[PlyCount "47"]
[SourceDate "2003.05.25"]

1.e4 c5 2.Nf3 Nc6 3.c4 d6 4.Nc3 e5 5.Be2 Be7 6.d3 Be6 7.Bd2 f5 8.Nd5 Nf6 
9.Qc2 h6 10.Bc3 g5 11.a3 O-O 12.h3 Nd7 13.O-O-O a6 14.g4 fxg4 15.hxg4 Bxg4
16.Rxh6 Bxf3 17.Bxf3 Rxf3 18.Rdh1 Rf8 19.Qd1 Nf6 20.Nxf6+ Bxf6 21.Qh5 Ne7 
22.Bd2 Rf7 23.Bxg5 Bg7 24.Rh8+ 1-0

[Event "R6R7 Rodez 2 / Ramonville 3"]
[Site "?"]
[Date "2003.04.06"]
[Round "7.3"]
[White "GOND, Christophe"]
[Black "DAMIANO, Herve"]
[Result "1-0"]
[WhiteElo "1499"]
[BlackElo "1520"]
[PlyCount "56"]

1.d4 Nf6 2.Nf3 g6 3.Bg5 Bg7 4.Nc3 d5 5.h3 e6 6.e3 Nbd7 7.Bd3 O-O 8.O-O c5 
9.b3 a6 10.Na4 Qa5 11.c3 Ne4 12.Bxe4 dxe4 13.Nd2 cxd4 14.Nxe4 dxc3 15.Rc1 
b5 16.Naxc3 b4 17.Na4 Qf5 18.Qc2 Qe5 19.Bf4 Qd5 20.Rfd1 Qa5 21.Bd6 Re8 22.
Qc6 Qb5 23.Qxa8 Qb7 24.Qxb7 Bxb7 25.Rc7 Bxe4 26.Rxd7 a5 27.Bc7 Bd5 28.Bxa5
Bf8 1-0

[Event "R5-A-Muret Gambit/Condom"]
[Site "?"]
[Date "2003.04.06"]
[Round "7.6"]
[White "Durou, Guillaume"]
[Black "Alegret, Jean Pierre"]
[Result "0-1"]
[WhiteElo "1009"]
[BlackElo "1600"]
[EventDate "2003.05.25"]
[PlyCount "48"]
[SourceDate "2003.05.25"]

1.e4 d5 2.Nc3 d4 3.Nd5 e5 4.Nf3 Bg4 5.Be2 Bxf3 6.Bxf3 c6 7.c3 cxd5 8.exd5 
Nf6 9.c4 Qa5 10.d6 Nbd7 11.Bxb7 Rb8 12.Bc6 Bxd6 13.Bxd7+ Nxd7 14.Qg4 g6 
15.Qh3 Nc5 16.O-O O-O 17.d3 e4 18.Qh4 Nxd3 19.Qxe4 Nxc1 20.Raxc1 Qh5 21.h3
Rxb2 22.Qxd4 Qe5 23.Rfd1 Qh2+ 24.Kf1 Qh1# 0-1

[Event "R5-A-Condom/Muret Gambit"]
[Site "?"]
[Date "2003.04.06"]
[Round "7.5"]
[White "Porche, Christian"]
[Black "Jammot, Thimotee"]
[Result "1-0"]
[WhiteElo "1680"]
[BlackElo "1009"]
[EventDate "2003.05.25"]
[PlyCount "107"]
[SourceDate "2003.05.25"]

1.e4 e5 2.Nf3 Nc6 3.Bb5 d6 4.h3 Bd7 5.O-O Qe7 6.Re1 O-O-O 7.c3 Nf6 8.d4 g6
9.Bg5 Bg7 10.Nbd2 h6 11.Bh4 g5 12.Bg3 g4 13.Bxc6 Bxc6 14.hxg4 Nxg4 15.Nh4 
h5 16.Nf5 Qf6 17.Bh4 Qe6 18.Bxd8 Rxd8 19.Nxg7 Qf6 20.Nf5 d5 21.f3 Nh6 22.
Nxh6 Qxh6 23.exd5 Rxd5 24.Rxe5 Rxe5 25.dxe5 Qe3+ 26.Kh1 Qxe5 27.Qe1 Qf4 
28.Rd1 h4 29.Qe7 h3 30.Qf8+ Kd7 31.Nf1+ Ke6 32.Re1+ Kf6 33.Qh8+ Kg5 34.
Qg7+ Kh4 35.Qh8+ Kg5 36.Qxh3 Bxf3 37.Qxf3 Qh4+ 38.Kg1 Qxe1 39.Qg3+ Qxg3 
40.Nxg3 Kf4 41.Kf2 Ke5 42.Ke3 Kd5 43.b3 b5 44.Ne4 c5 45.g4 a5 46.Ng5 f6 
47.Ne4 Ke5 48.Nxc5 f5 49.gxf5 Kxf5 50.Kd4 Kf6 51.a4 bxa4 52.bxa4 Ke7 53.
Kd5 Kd8 54.Nb7+ 1-0

[Event "R5-A-Muret Gambit/Condom"]
[Site "?"]
[Date "2003.04.06"]
[Round "7.4"]
[White "Callejon, Bernard"]
[Black "Calatrava, Julian"]
[Result "0-1"]
[WhiteElo "1500"]
[BlackElo "1750"]
[EventDate "2003.05.25"]
[PlyCount "52"]
[SourceDate "2003.05.25"]

1.d4 Nf6 2.c4 e6 3.Nc3 Bb4 4.Bg5 h6 5.Bh4 b6 6.e3 Bb7 7.Bd3 Bxg2 8.Qb3 
Bxc3+ 9.Qxc3 Bxh1 10.O-O-O g5 11.Bg3 Ne4 12.Bxe4 Bxe4 13.d5 f6 14.dxe6 d6 
15.Ne2 Nc6 16.a3 Qe7 17.Nd4 O-O-O 18.Re1 Ne5 19.Bxe5 dxe5 20.f3 exd4 21.
exd4 Bb7 22.d5 Bxd5 23.cxd5 Rxd5 24.Qb3 Rhd8 25.h3 R8d6 26.Qa4 Rxe6 0-1

[Event "R6R7 Rodez 2 / Ramonville 3"]
[Site "?"]
[Date "2003.04.06"]
[Round "7.1"]
[White "Martinez, Jacques"]
[Black "Raynaud, Pascal"]
[Result "0-1"]
[WhiteElo "1490"]
[BlackElo "1530"]
[EventDate "2003.??.??"]
[PlyCount "94"]

1.e4 c5 2.Nf3 d6 3.d4 cxd4 4.Nxd4 Nf6 5.Nc3 a6 6.Bd3 Nc6 7.Nde2 g6 8.h3 
Bg7 9.Be3 b5 10.a3 O-O 11.O-O Bb7 12.Qd2 d5 13.exd5 Nxd5 14.Nxd5 Qxd5 15.
Nf4 Qd6 16.Rab1 Rfd8 17.b4 Ne5 18.Rbd1 Nc4 19.Bxc4 Qxd2 20.Bxf7+ Kxf7 21.
Bxd2 Rac8 22.Nd3 Rxc2 23.Be3 Ra2 24.Ne5+ Ke8 25.Rxd8+ Kxd8 26.Rd1+ Ke8 27.
Nf3 Bxf3 28.gxf3 Rxa3 29.Kg2 Rb3 30.Bc5 Kf7 31.Re1 e6 32.Re3 Rxe3 33.fxe3 
Bc3 34.Kg3 a5 35.bxa5 Bxa5 36.Kg4 Bc3 37.Kg5 b4 38.Bxb4 Bxb4 39.e4 Bd2+ 
40.Kg4 Kf6 41.f4 h5+ 42.Kf3 g5 43.f5 exf5 44.exf5 Kxf5 45.Kg3 g4 46.Kg2 
Kf4 47.hxg4 hxg4 0-1

[Event "R5-A-Fleurance/Vic"]
[Site "?"]
[Date "2003.04.06"]
[Round "7.1"]
[White "Kuzev, Jordan"]
[Black "Grelier, Gilles"]
[Result "1-0"]
[WhiteElo "2300"]
[BlackElo "1940"]
[EventDate "2003.05.25"]
[PlyCount "50"]

1.c4 Nf6 2.Nf3 g6 3.Nc3 d5 4.Qa4+ Nc6 5.cxd5 Nxd5 6.Ne5 Nxc3 7.bxc3 Bd7 8.
Nxd7 Qxd7 9.Rb1 Rb8 10.g3 Bg7 11.Bg2 O-O 12.O-O Qe6 13.d4 Qxe2 14.Bf4 b5 
15.Qa3 e5 16.Rfe1 Qc4 17.dxe5 Rfe8 18.Bf1 Qe6 19.Rxb5 Ne7 20.Rxb8 Rxb8 21.
Qxa7 Qb6 22.Qxb6 Rxb6 23.Rd1 h5 24.Rd7 Nc6 25.Be3 Nxe5 {Temps} 1-0

[Event "D4"]
[Site "?"]
[Date "2003.04.06"]
[Round "?"]
[White "Lassabe Nicolas"]
[Black "Bedos, Michel"]
[Result "0-1"]
[WhiteElo "1820"]
[BlackElo "2293"]
[EventDate "2003.02.02"]
[PlyCount "70"]

1.e4 c5 2.Nf3 Nc6 3.d4 cxd4 4.Nxd4 g6 5.Nc3 Bg7 6.Be3 Nf6 7.Bc4 O-O 8.Qd2 
$6 
    ( 8.Bb3 )
    ( 8.f3 $6 Qb6 $1 9.Bb3 Ng4 $1 
        ( 9...Nxe4 $1 )
    )
8...Ng4 $1 
    ( 8...Nxe4 $1 9.Nxe4 d5 10.Nxc6 bxc6 11.Bd3 
        ( 11.O-O-O $2 Qc7 12.Bd3 dxe4 13.Bxe4 Qe5 $1 14.Qd4 Qb8 $17 )
    11...dxe4 12.Bxe4 Rb8 {me semblait trop egalisant.} )
9.O-O-O 
    ( 9.Nxc6 {me paraissait le seul coup} 9...bxc6 10.Bd4 Bxd4 11.Qxd4 Qb6
    {avec une finale sympathique pour les Noirs.} )
9...Nxe3 10.Qxe3 $6 {ou !? pour les problemes pratiques que cela pose aux 
Noirs!} 
    ( 10.fxe3 d6 11.h4 Ne5 $15 )
10...Nxd4 11.Rxd4 Bxd4 12.Qxd4 d6 13.h4 e6 
    ( {sur} 13...h5 {je n'aimais pas trop la possibilite de jouer:} 14.f4 
    Bg4 15.f5 $1 {avec des risques de fortes perturbations autour du roi 
    noir.} 15...gxf5 16.exf5 Bxf5 17.Qf4 e6 
        ( 17...Bg6 18.Qh6 e6 19.g4 hxg4 20.Bxe6 {est un exemple de 
        complications insondables ...sans l'aide d'un ordinateur.} )
    )
14.f4 $1 {empeche un eventuel echec en g5 et amene des renforts.} 14...Qb6
    ( 14...Qe7 $5 15.h5 Bd7 16.hxg6 fxg6 17.g3 {semble tenir aussi} )
15.Qf6 d5 16.Bd3 
    ( 16.exd5 exd5 17.Qxb6 axb6 18.Nxd5 Be6 19.Rd1 Rfd8 {et la finale me 
    semblait (tres) legerement superieure.} )
16...Qd8 17.Qe5 
    ( 17.Qd4 dxe4 18.Qxe4 Qf6 19.h5 Bd7 20.Qxb7 Qxf4+ 21.Kb1 Rfd8 {et tout
    est en ordre..chez les Noirs.} )
17...f6 18.Qd4 Qb6 19.Qa4 
    ( 19.Qxb6 $5 axb6 20.exd5 exd5 21.Re1 $1 {coup que je n'avais pas vu!}
    21...Kg7 {et les Noirs devraient encore beaucoup travailler.} )
19...Qe3+ 20.Kb1 Qxf4 21.g3 $5 {jette encore un peu d'huile sur le feu 
afin de pouvoir prendre en d5 et ouvrir tous les acces au roi noir.} 21...
Qe5 
    ( 21...Qxg3 22.exd5 exd5 23.Nxd5 Be6 {semble tenir aussi.} )
22.exd5 exd5 23.Nxd5 b5 $5 
    ( 23...Qxd5 $2 24.Bc4 )
24.Qxb5 Bf5 
    ( 24...Kh8 )
    ( 24...Rb8 $2 25.Nxf6+ )
25.Bc4 
    ( 25.Bxf5 Rab8 $40 )
25...Kh8 {Un coup securitaire...j'avais vu Fxc2, promis!} 26.Bb3 {
Diagramme #} 26...Bxc2+ $1 27.Ka1 
    ( 27.Bxc2 Rab8 )
    ( 27.Kxc2 Qe4+ 28.Qd3 Qxh1 )
27...Bxb3 28.axb3 Rab8 29.Qc4 Rfc8 30.Qd3 Rd8 31.Rd1 {ne bougeons plus...}
31...a5 $1 {l'ouvre-boite arrive!} 32.h5 g5 33.h6 {On ne sait jamais...} 
33...a4 34.b4 a3 35.Qb3 Qxb2+ {Je tiens a feliciter mon adversaire pour 
l'inventivite dont il a fait preuve apres un debut de partie pour le moins
rate! Bravo Nicolas.} 0-1

[Event "R5 Montauban/Castel-Moissac"]
[Site "?"]
[Date "2003.04.06"]
[Round "7"]
[White "FUMENIER, Thierry"]
[Black "DIRAT, SYLVAIN."]
[Result "1-0"]
[WhiteElo "1670"]
[BlackElo "1760"]
[PlyCount "97"]

{62MB, Fritz7 arbre.ctg, ROMAIN-PORTABLE} 
1.b3 d5 2.Bb2 Nc6 3.e3 Nf6 4.Nf3 Bf5 5.Bb5 a6 6.Bxc6+ bxc6 7.d3 e6 8.Nd4 
c5 9.Nxf5 exf5 10.Qf3 Qd7 11.Bxf6 gxf6 12.c4 Rd8 13.cxd5 Qxd5 14.Qxd5 Rxd5
15.Ke2 Bd6 16.f4 Be7 17.Nd2 O-O 18.Nc4 Rfd8 19.Rad1 R5d7 20.Rd2 Bd6 21.Rc1
Re8 22.g3 Kg7 23.Kf3 h5 24.Nb2 Rde7 25.Re2 Rh8 26.Na4 h4 27.Nxc5 hxg3 28.
hxg3 Ra8 29.d4 a5 30.Rc4 Bxc5 31.Rxc5 Kg6 32.a4 Rb8 33.Rb5 Ree8 34.Rc2 
Rxb5 35.axb5 Rb8 36.Rc5 Rb6 37.d5 Rd6 38.e4 fxe4+ 39.Kxe4 f5+ 40.Kd4 Rd7 
41.Rc6+ f6 42.Ra6 Kf7 43.Rxa5 Ke7 44.Ra6 Rd8 45.b6 c6 46.Kc5 Rxd5+ 47.Kxc6
Rd3 48.b7 Rxb3 49.Kc7 1-0

[Event "R6R7 Rodez 2 / Ramonville 3"]
[Site "?"]
[Date "2003.04.06"]
[Round "7.4"]
[White "LEZAUD, Pascal"]
[Black "MALART, Jacques"]
[Result "1-0"]
[WhiteElo "1370"]
[BlackElo "1499"]
[PlyCount "107"]

1.e4 e5 2.Nf3 Nc6 3.Bb5 d6 4.d4 a6 5.Bxc6+ bxc6 6.dxe5 Qe7 7.O-O dxe5 8.
Nc3 Bg4 9.Qe2 Qf6 10.Bg5 Bxf3 11.Qxf3 Qxf3 12.gxf3 Be7 13.Be3 Nf6 14.Rfd1 
O-O 15.Ne2 Rad8 16.c4 Nd7 17.f4 exf4 18.Bxf4 Nc5 19.f3 Ne6 20.Bg3 c5 21.
Kg2 c6 22.Bf2 Bf6 23.Nc3 Nf4+ 24.Kf1 Nd3 25.Na4 Nxb2 26.Rxd8 Rxd8 27.Nxb2 
Bxb2 28.Rb1 Bd4 29.Bg3 f6 30.Rb6 a5 31.Rxc6 Bc3 32.Bd6 Bb4 33.Ke2 Kf7 34.
f4 g6 35.Kf3 h5 36.h3 Rd7 37.a4 Rd8 38.e5 fxe5 39.fxe5 Ke6 40.Ke4 g5 41.
Ra6 Kd7 42.Kf5 Re8 43.Kxg5 Kc8 44.Ra8+ Kd7 45.Rxe8 Kxe8 46.Kxh5 Kf7 47.Kg5
Bc3 48.Kf5 Bd4 49.Bc7 Bc3 50.h4 Ke7 51.h5 Kf7 52.Bd8 Kg7 53.Ke6 Kh6 54.Kd6
1-0

[Event "R5-A-Vic/Fleurance"]
[Site "?"]
[Date "2003.04.06"]
[Round "7.2"]
[White "Lavole, Olivier"]
[Black "Pouvreau, David"]
[Result "0-1"]
[WhiteElo "1640"]
[BlackElo "2030"]
[EventDate "2003.05.25"]
[PlyCount "106"]
[SourceDate "2003.05.25"]

1.Nf3 Nf6 2.c4 c5 3.Nc3 Nc6 4.g3 g6 5.Bg2 Bg7 6.O-O O-O 7.a3 d6 8.d4 cxd4 
9.Nxd4 Nxd4 10.Qxd4 Ng4 11.Qd2 Ne5 12.b3 Be6 13.Rb1 Rb8 14.Nb5 a6 15.Nd4 
Bd7 16.Rd1 Qc8 17.Bb2 Bh3 18.Nf3 Bxg2 19.Kxg2 Qc6 20.Qd5 Qxd5 21.Rxd5 Nxf3
22.Kxf3 Rfc8 23.Bxg7 Kxg7 24.e4 b5 25.c5 Rxc5 26.Rxc5 dxc5 27.Rc1 Rc8 28.
Rd1 c4 29.b4 c3 30.Rc1 c2 31.Ke3 Rc3+ 32.Kd2 Rxa3 33.Rxc2 Rb3 34.Ra2 Rxb4 
35.Rxa6 Rxe4 36.Kd3 Re5 37.f4 Rd5+ 38.Ke4 e6 39.g4 f5+ 40.gxf5 gxf5+ 41.
Ke3 Kf6 42.Ra7 h5 43.Rh7 e5 44.Rxh5 exf4+ 45.Kxf4 Rd4+ 46.Ke3 Re4+ 47.Kd3 
b4 48.h4 b3 49.Kc3 Re3+ 50.Kb2 f4 51.Rh8 f3 52.h5 Kg7 53.Rd8 f2 0-1

[Event "R5-A-Vic/Fleurance"]
[Site "?"]
[Date "2003.04.06"]
[Round "7.4"]
[White "Darramon, Julien"]
[Black "Verges, Jean"]
[Result "0-1"]
[WhiteElo "1280"]
[BlackElo "1540"]
[EventDate "2003.05.25"]
[PlyCount "60"]
[SourceDate "2003.05.25"]

1.d4 e6 2.e4 d5 3.Bd3 dxe4 4.Bxe4 Nf6 5.Nc3 Nxe4 6.Nxe4 Qd5 7.Qd3 f5 8.c4 
Qxe4+ 9.Qxe4 fxe4 10.Ne2 Bb4+ 11.Kd1 O-O 12.a3 Be7 13.Rf1 c5 14.Be3 cxd4 
15.Bxd4 Nc6 16.Bc3 e5 17.h3 Be6 18.b3 Rad8+ 19.Kc2 Nd4+ 20.Bxd4 exd4 21.
Kd2 Bg5+ 22.Ke1 e3 23.f3 d3 24.Nc3 Bh4+ 25.Kd1 e2+ 26.Nxe2 dxe2+ 27.Kxe2 
Rfe8 28.Ke3 Bxc4+ 29.Kf4 Rd4+ 30.Kf5 Bd3# 0-1

[Event "R5 Ste Foy-Colomiers"]
[Site "?"]
[Date "2003.04.06"]
[Round "7"]
[White "ALLADAYE, Rene"]
[Black "AJDARI, Emmanuel"]
[Result "1-0"]
[WhiteElo "1750"]
[BlackElo "1510"]
[PlyCount "95"]

{62MB, Fritz7 arbre.ctg, ROMAIN-PORTABLE} 
1.Nf3 d5 2.d3 Nc6 3.Nbd2 e5 4.e4 Nf6 5.g3 Be6 6.Bg2 Qd7 7.O-O Bh3 8.Re1 
Bxg2 9.Kxg2 Bc5 10.h3 O-O-O 11.Qe2 h6 12.Nb3 Be7 13.Bd2 g5 14.Nh2 Rdg8 15.
Ng4 d4 16.Nxf6 Bxf6 17.Qg4 h5 18.Qxd7+ Kxd7 19.a3 g4 20.h4 b6 21.Rf1 Ke6 
22.Kh2 Rg6 23.Rg1 Rhg8 24.Raf1 Be7 25.Nc1 Rf6 26.Bg5 Rf3 27.Bxe7 Kxe7 28.
Nb3 Rg6 29.Kg2 Nd8 30.Nd2 Rff6 31.Nc4 Nc6 32.f4 gxf3+ 33.Rxf3 Rxf3 34.Kxf3
Rf6+ 35.Kg2 Ke6 36.Nd2 Ne7 37.Nf3 Ng8 38.Rf1 Ke7 39.Nxe5 Ke6 40.Rxf6+ Nxf6
41.Nc6 a5 42.Nxd4+ Ke5 43.c3 Nd7 44.b4 axb4 45.axb4 c5 46.Nc6+ Kd6 47.b5 
Nf6 48.e5+ 1-0

[Event "R5 Montech-Millau"]
[Site "?"]
[Date "2003.04.06"]
[Round "7"]
[White "CHORAZY, Andre"]
[Black "LECOULTRE, Patrick"]
[Result "0-1"]
[WhiteElo "1760"]
[BlackElo "1750"]
[PlyCount "76"]

{62MB, Fritz7 arbre.ctg, ROMAIN-PORTABLE} 
1.Nf3 d5 2.d4 e6 3.Bf4 Nf6 4.c4 dxc4 5.Qa4+ Bd7 6.Qxc4 Bc6 7.Nbd2 Nbd7 8.
e3 Nb6 9.Qc2 Nbd5 10.Ne5 Nxf4 11.Nxc6 Qd5 12.exf4 Qxc6 13.Qb3 O-O-O 14.Nf3
Nd5 15.a3 Nxf4 16.Ne5 Qe4+ 17.Qe3 Rxd4 18.Nxf7 Qd5 19.f3 Rg8 20.g3 Nd3+ 
21.Bxd3 Rxd3 22.Qe4 Rxf3 23.Qxd5 exd5 24.Ng5 Rb3 25.Rb1 Bxa3 26.O-O Bc5+ 
27.Kg2 Rf8 28.Rxf8+ Bxf8 29.Ne6 Be7 30.Nxg7 Bf6 31.Nf5 Kd7 32.g4 Rxb2+ 33.
Rxb2 Bxb2 34.Kf3 a5 35.Ke2 c5 36.h4 Ke6 37.Kd3 h5 38.Ng7+ Bxg7 0-1

[Event "R5 Montech-Millau"]
[Site "?"]
[Date "2003.04.06"]
[Round "7"]
[White "AUGE, Jean"]
[Black "CARRIERE, Jean-Philippe"]
[Result "0-1"]
[WhiteElo "1860"]
[BlackElo "1949"]
[PlyCount "78"]

{62MB, Fritz7 arbre.ctg, ROMAIN-PORTABLE} 
1.e4 d6 2.d4 Nf6 3.Nc3 g6 4.f4 Bg7 5.Nf3 c5 6.Bb5+ Bd7 7.Bxd7+ Nfxd7 8.d5 
O-O 9.Ne2 b5 10.c3 c4 11.Be3 Nc5 12.Bxc5 dxc5 13.g4 Nd7 14.g5 e5 15.h4 
exf4 16.Nxf4 Re8 17.Qc2 Ne5 18.Nxe5 Bxe5 19.O-O Qd7 20.Qg2 a5 21.h5 a4 22.
hxg6 hxg6 23.Rf3 a3 24.Raf1 axb2 25.Qxb2 b4 26.Qc2 Qg4+ 27.Qg2 Qxg2+ 28.
Nxg2 Rxa2 29.Rxf7 b3 30.Nh4 b2 31.Nxg6 Ra1 32.Rb7 Bxc3 33.d6 Rxf1+ 34.Kxf1
Bb4 35.Ne7+ Rxe7 36.Rxe7 b1=Q+ 37.Kg2 Qc2+ 38.Kf3 Qd3+ 39.Kg4 Qxd6 0-1